Des mots en images

Saved in:
Bibliographic Details
Other Authors: Beau, Annie (Illustrator)
Format: Book
Language:French
Published: Paris : Nathan, 1988
Subjects:
Tags: Add Tag
No Tags, Be the first to tag this record!

MARC

LEADER 00000cam a2200000 i 4500
001 1/27022
008 020829s1988 fre d
020 |a 2-09-265004-1 
035 |l 10068361 
040 |a GR-MY-UA  |b gre  |e aacr 
041 0 |a fre 
082 0 |a 448 
245 1 4 |a Des mots en images /  |c illustrations Annie Beau ... [et al.] 
260 |a Paris :   |b Nathan,   |c 1988 
300 |a 204 p. 
650 0 0 |a French language  |x Vocabulary. 
700 1 |a Beau, Annie,  |e ill 
852 |a INST  |b RHODES  |e 20020829  |h 448 MOT  |p 005400016197  |q 005400016197  |t BK  |y 0 
901 |a BIBL4-2002-2 
909 |a Ρ  |b 054457 
922 |a 4ΕΛΗ  |b 199803 
970 |a ΚΟΥΛΑΚΙΟΤΗ  |b ΛΙΤΣΑ  |z 2002/08/29